000 01302nam a2200349 a 4500
001 000109284
003 CHAP
005 20220329144044.0
008 140415s2013 mx sm |||||||spa d
010 _a105746
011 _a106718
040 _cCHAP
090 _aTesis
100 1 _aJuárez Hernández, David
_9126628
245 1 0 _aEfecto de promotores de crecimiento en plántulas de pepino (cucumis sativus L.) jitomate (solanum lycopersicum L.) y lechuga (lactuca sativa L.) en invernadero
_h[En línea]
_cpor David Juárez Hernández.
260 _aChapingo, Méx. :
_bEl autor,
_c2013.
500 _aPara ver el contenido del material haga clic en la liga
502 _aTesis (Ing. Agr. Esp. en Fitotecnia) -- UACH. Fitotecnia
590 _aBATCH-UPD
_b10
_c20141002
_lUCH01
_h0901
590 _aE11695DGD
_b10
_c20140425
_lUCH01
_h1140
590 _aE5765TAJ
_b05
_c20140415
_lUCH01
_h1218
590 _aE5765TAJ
_b05
_c20140415
_lUCH01
_h1218
650 1 4 _aCultivos en invernadero.
_930376
650 1 4 _aLechuga
_xCrecimiento.
_965456
650 1 4 _aPepino
_xCrecimiento.
_986900
650 1 4 _aPlántulas.
_989193
650 1 4 _aTomate
_xCrecimiento.
_9113702
856 _aFinding aid
_uhttp://10.13.5.2/tesis/sist109284.pdf
_zTeclea aquí
901 _aBK
942 _cTESIS
942 _n0
999 _c105746
_d105746